000 00596nam a2200181 4500
001 145301
003 ES-MaACL
005 20250913172630.0
007 t|
008 070214s1982 sp r ||||1| ger d
245 0 0 _aDie spanische verfassung /
_cübersetzt Antonio Truyol Serra.
260 _aMadrid :
_bPresidencia del Gobierno, Servicio Central de Publicaciones,
_c1982.
300 _a123 p. ;
_c15 cm.
700 1 _aTruyol y Serra, Antonio,
_d1913-2003
_9111597
710 1 _aEspaña.
_bPresidencia del Gobierno.
_93951
852 _aES-MaACL
_jL-5428
_bR.106080
999 _c145301
_d145301